| 000 | 00645nam a22002177a 4500 | ||
|---|---|---|---|
| 005 | 20220721152145.0 | ||
| 008 | 220721b ||||| |||| 00| 0 eng d | ||
| 040 | _cAL | ||
| 041 | _aEnglish | ||
| 082 |
_223 _a331.42164 _bSHAI |
||
| 100 |
_aFarida Shaheed and others _952381 |
||
| 245 | _aInvisible Workers: Piecework Labour Amongst Women in Lahore | ||
| 260 |
_aIslamabad _bWomens Division |
||
| 300 |
_a127 p. _bPB _c24.2x18.5 cm. |
||
| 650 |
_aPiecework _952382 |
||
| 650 |
_aWomen--Employment _952383 |
||
| 650 |
_aPakistan--Lahore _952384 |
||
| 700 |
_aSHAHEED (Farida) _952385 |
||
| 700 |
_aMUMTAZ (Khawar) _952386 |
||
| 942 |
_2ddc _cGF |
||
| 999 |
_c224077 _d224077 |
||